000 00766nam a22002415i 4500
001 11976
003 ES-MaACL
005 20250514194754.0
007 t|
008 960119s1995 sp ||||0| spa j
020 _a84-7784-160-8
040 _aM-BN
_bspa
_cM-BN
080 _a860-14"19"
100 1 _aLópez Gorgé, Jacinto,
_d1925-2008
_973685
245 1 0 _aMi corazón, mi casa y mi memoria /
_cJacinto López Gorgé.
260 _aAlicante :
_bInstituto de Cultura "Juan Gil-Albert",
_c1995.
300 _a65 p ;
_c21 cm.
490 1 _aLibros del aire ;
_v2
710 2 _aInstituto de Estudios "Juan Gil-Albert"
_94913
830 0 _aLibros del aire ;
_v2
_9228236
852 _aES-MaACL
_jL-19247
_bR.125775
999 _c11976
_d11976